[Event "LYM - Maîtres vs Espoirs"]
[Site "Lausanne - Casino de Montbenon"]
[Date "2005.09.14"]
[Round "1"]
[White "Seps, Monika"]
[Black "Gheorghiu, Florin"]
[Result "1/2-1/2"]
[WhiteElo "2173"]
[BlackElo "2394"]
[PlyCount "24"]
[EventDate "2005.09.14"]
[SourceDate "2005.09.14"]

1. e4 c5 2. Nf3 e6 3. d4 cxd4 4. Nxd4 a6 5. Nc3 Qc7 6. Bd3 Nf6 7. O-O Nc6 8.
Nb3 b5 9. f4 d6 10. Qf3 Bb7 11. Bd2 Be7 12. Rae1 g6 1/2-1/2

[Event "LYM - Maîtres vs Espoirs"]
[Site "Lausanne - Casino de Montbenon"]
[Date "2005.09.14"]
[Round "1"]
[White "Pinol, Fabrice"]
[Black "Tukmakov, Vladimir"]
[Result "0-1"]
[WhiteElo "2257"]
[BlackElo "2559"]
[PlyCount "52"]
[EventDate "2005.09.14"]
[SourceDate "2005.09.14"]

1. e4 c5 2. Nf3 d6 3. d4 cxd4 4. Nxd4 Nf6 5. Nc3 a6 6. Be3 e6 7. f3 b5 8. Qd2
Nbd7 9. g4 b4 10. Nce2 Ne5 11. Ng3 h6 12. h4 Qc7 13. O-O-O Rb8 14. Kb1 Nfd7 15.
Qe2 Nc5 16. f4 Nc6 17. Bg2 a5 18. e5 d5 19. Nxc6 Qxc6 20. f5 Ba6 21. Qf3 Na4
22. Bd4 Bc5 23. Nh5 O-O 24. g5 Rfc8 25. Bxc5 Qxc5 26. Rc1 Qd4 0-1

[Event "LYM - Maîtres vs Espoirs"]
[Site "Lausanne - Casino de Montbenon"]
[Date "2005.09.14"]
[Round "1"]
[White "Kurmann, Oolivier"]
[Black "Raetsky, Alexander"]
[Result "0-1"]
[WhiteElo "2293"]
[BlackElo "2453"]
[PlyCount "80"]
[EventDate "2005.09.14"]
[SourceDate "2005.09.14"]

1. e4 e5 2. Bc4 Nf6 3. d3 c6 4. Nf3 d5 5. Bb3 Bd6 6. Nc3 d4 7. Ne2 c5 8. c3 Nc6
9. O-O h6 10. a3 Qe7 11. cxd4 cxd4 12. Nd2 O-O 13. h3 Be6 14. Nc4 Bc7 15. f4 b5
16. Nxe5 Nxe5 17. fxe5 Bxe5 18. Bf4 Nd7 19. Bxe6 Qxe6 20. Bxe5 Nxe5 21. Nf4 Qd6
22. Qb3 a6 23. Rac1 Rac8 24. Nd5 $11 Nf3+ 25. Kf2 Ne5 26. Kg1 Kh7 27. Rcd1 Rc5
28. Qb4 f5 29. Qxd4 Rc2 30. Qb4 Qd8 31. Qb3 Re2 32. d4 Nc4 33. Qd3 Rxe4 34.
Rxf5 Rxf5 35. Qxe4 Qxd5 36. Qb1 Ne3 37. Rd2 g6 38. Qd3 Rf1+ 39. Qxf1 Nxf1 40.
Kxf1 Qg5 0-1

[Event "LYM - Maîtres vs Espoirs"]
[Site "Lausanne - Casino de Montbenon"]
[Date "2005.09.14"]
[Round "1"]
[White "Burnier, David"]
[Black "Marcelin, Cyril"]
[Result "1-0"]
[WhiteElo "2298"]
[BlackElo "2481"]
[PlyCount "69"]
[EventDate "2005.09.14"]
[SourceDate "2005.09.14"]

1. d4 d5 2. c4 c6 3. Nf3 Nf6 4. Nc3 e6 5. e3 a6 6. Qc2 c5 7. cxd5 exd5 8. dxc5
Bxc5 9. Be2 Nc6 10. O-O Qe7 11. Rd1 Be6 12. a3 Rc8 13. b4 Bb6 14. Bb2 O-O 15.
Qd3 Rfd8 16. Na4 Ba7 17. Rac1 Ne4 18. Bd4 Bb8 19. Bb6 Re8 20. Nc3 Qf6 21. b5
Ne5 22. Nxe4 dxe4 23. Qxe4 Nxf3+ 24. Qxf3 Rxc1 25. Rxc1 Qb2 26. Rd1 axb5 27. g3
h6 28. Bc5 Bb3 29. Bd4 Qxa3 30. Ra1 Qb4 31. Qxb7 Bc4 32. Bxc4 Qxc4 33. Ra8 Qc8
34. Qxc8 Rxc8 35. Be5 1-0

[Event "LYM - Maîtres vs Espoirs"]
[Site "Lausanne - Casino de Montbenon"]
[Date "2005.09.14"]
[Round "1"]
[White "Vuilleumier, Alexandre"]
[Black "Zawadska, Jolanta"]
[Result "0-1"]
[WhiteElo "2307"]
[BlackElo "2402"]
[PlyCount "72"]
[EventDate "2005.09.14"]
[SourceDate "2005.09.14"]

1. Nf3 Nf6 2. g3 g6 3. Bg2 Bg7 4. O-O O-O 5. c4 d6 6. d4 Nc6 7. Nc3 a6 8. b3
Rb8 9. Nd5 Bg4 10. Bb2 Nxd5 11. cxd5 Nb4 12. Nd2 c6 13. dxc6 Nxc6 14. Nc4 b5
15. d5 Ne5 16. Ne3 Bd7 17. Kh1 h5 18. Qd2 Qb6 19. h3 h4 20. g4 Rbc8 21. Rad1 g5
22. Be4 Qd8 23. Nf5 Bxf5 24. gxf5 e6 25. f4 gxf4 26. Rxf4 Qg5 27. Bd4 Qg3 28.
Bg2 Bh6 29. Rdf1 exf5 30. e3 Bxf4 31. exf4 Qd3 32. Qf2 Ng6 33. Ba1 Rc2 34. Qb6
Re8 35. Qxd6 Qg3 36. Rg1 Rxg2 0-1

[Event "LYM - Maîtres vs Espoirs"]
[Site "Lausanne - Casino de Montbenon"]
[Date "2005.09.15"]
[Round "2"]
[White "Gheorghiu, Florin"]
[Black "Kurmann, Olivier"]
[Result "1/2-1/2"]
[WhiteElo "2394"]
[BlackElo "2293"]
[PlyCount "41"]
[EventDate "2005.09.14"]
[SourceDate "2005.09.14"]

1. c4 Nf6 2. Nc3 c5 3. Nf3 e6 4. e3 b6 5. d4 d6 6. Be2 Nbd7 7. O-O a6 8. d5
exd5 9. Nxd5 Nxd5 10. Qxd5 Ra7 11. b3 Nf6 12. Qd2 Rd7 13. Bb2 Bb7 14. Rad1 Be7
15. Qc2 Qa8 16. Ne1 O-O 17. Bxf6 Bxf6 18. Bf3 Bxf3 19. Nxf3 d5 20. Rd2 Rdd8 21.
Rfd1 1/2-1/2

[Event "LYM - Maîtres vs Espoirs"]
[Site "Lausanne - Casino de Montbenon"]
[Date "2005.09.15"]
[Round "2"]
[White "Zawadska, Jolanta"]
[Black "Seps, Monika"]
[Result "1-0"]
[WhiteElo "2402"]
[BlackElo "2173"]
[PlyCount "57"]
[EventDate "2005.09.14"]
[SourceDate "2005.09.14"]

1. e4 c5 2. Nf3 d6 3. d4 cxd4 4. Nxd4 Nf6 5. Nc3 a6 6. Bg5 e6 7. f4 Be7 8. Qf3
Qc7 9. O-O-O Nbd7 10. g4 h6 11. Bxf6 Bxf6 12. h4 Bxd4 13. Rxd4 b5 14. Bg2 Rb8
15. Rhd1 Rb6 16. Kb1 Bb7 17. g5 hxg5 18. hxg5 g6 19. Qf2 Nc5 20. Ne2 a5 21. Ng3
b4 22. Nf1 Na4 23. Ne3 Ba6 24. Bf1 Bxf1 25. Qxf1 Qc5 26. Qc4 Qxc4 27. Nxc4 Ra6
28. Nxd6+ Ke7 29. Nxf7 1-0

[Event "LYM - Maîtres vs Espoirs"]
[Site "Lausanne - Casino de Montbenon"]
[Date "2005.09.15"]
[Round "2"]
[White "Pinol, Fabrice"]
[Black "Burnier, David"]
[Result "1-0"]
[WhiteElo "2257"]
[BlackElo "2298"]
[PlyCount "55"]
[EventDate "2005.09.14"]
[SourceDate "2005.09.14"]

1. e4 e5 2. Nf3 Nc6 3. d4 exd4 4. Nxd4 Nf6 5. Nxc6 bxc6 6. e5 Qe7 7. Qe2 Nd5 8.
c4 Ba6 9. g3 f6 10. e6 O-O-O 11. Bh3 Kb8 12. O-O h5 13. Re1 h4 14. Bg2 hxg3 15.
hxg3 g6 16. Nd2 Qh7 17. Nf1 dxe6 18. Qxe6 Bb4 19. Re4 Rd6 20. cxd5 Rxe6 21.
Rxb4+ Kc8 22. dxe6 g5 23. Bxc6 Bxf1 24. Be3 Qh2+ 25. Kxf1 Qh3+ 26. Ke1 Qxe6 27.
Bb7+ Kd8 28. Rd1+ 1-0

[Event "LYM - Maîtres vs Espoirs"]
[Site "Lausanne - Casino de Montbenon"]
[Date "2005.09.15"]
[Round "2"]
[White "Marcelin, Cyril"]
[Black "Vuilleumier, Alexandre"]
[Result "1-0"]
[WhiteElo "2481"]
[BlackElo "2307"]
[PlyCount "53"]
[EventDate "2005.09.14"]
[SourceDate "2005.09.14"]

1. d4 d5 2. c4 e6 3. Nf3 Nf6 4. e3 Be7 5. Nc3 O-O 6. b3 b6 7. Bd3 Bb7 8. O-O c5
9. Bb2 cxd4 10. exd4 Nc6 11. Rc1 Rc8 12. Qe2 Qd6 13. Rfd1 Rfd8 14. h3 Qf4 15.
cxd5 Nxd5 16. Nxd5 Rxd5 17. Be4 Rdd8 18. d5 exd5 19. Bxd5 Bf6 20. Rc4 Qf5 21.
g4 Qd7 22. Bxf6 gxf6 23. Rd2 Na5 24. Bxb7 Qxb7 25. Rf4 Rc1+ 26. Kg2 Rxd2 27.
Qxd2 1-0

[Event "LYM - Maîtres vs Espoirs"]
[Site "Lausanne - Casino de Montbenon"]
[Date "2005.09.15"]
[Round "2"]
[White "Tukmakov, Vladimir"]
[Black "Raetsky, Alexander"]
[Result "1-0"]
[WhiteElo "2559"]
[BlackElo "2453"]
[PlyCount "95"]
[EventDate "2005.09.14"]
[SourceDate "2005.09.14"]

1. c4 e5 2. Nc3 Bb4 3. Nd5 Ba5 4. b4 c6 5. bxa5 cxd5 6. cxd5 Qxa5 7. e4 Nf6 8.
f3 O-O 9. Kf2 d6 10. d4 Nbd7 11. Bb2 Re8 12. Ne2 b5 13. a4 b4 14. Nc1 Ba6 15.
Nb3 Qb6 16. a5 Qb7 17. Rc1 Rac8 18. Bxa6 Qxa6 19. Qe2 Qb7 20. dxe5 dxe5 21.
Rxc8 Rxc8 22. Rc1 Ne8 23. a6 Qb8 24. Kf1 Rxc1+ 25. Bxc1 Nd6 26. Be3 Qc7 27. Qd3
f6 28. Ke2 Kf7 29. g4 g6 30. h3 h5 31. Bf2 hxg4 32. hxg4 Ke7 33. Kd1 Kf7 34.
Qc2 Qxc2+ 35. Kxc2 Nb5 36. Nc5 Nxc5 37. Bxc5 Ke8 38. Kb3 Nc7 39. Kxb4 Nxa6+ 40.
Kb5 Nxc5 41. Kxc5 Kd7 42. Kb5 Kc7 43. Ka6 Kb8 44. d6 Kc8 45. Kxa7 Kd7 46. Kb6
Kxd6 47. g5 fxg5 48. Kb5 1-0

[Event "LYM - Maîtres vs Espoirs"]
[Site "Lausanne - Casino de Montbenon"]
[Date "2005.09.15"]
[Round "3"]
[White "Vuilleumier, Alexandre"]
[Black "Pinol, Fabrice"]
[Result "1-0"]
[WhiteElo "2307"]
[BlackElo "2257"]
[PlyCount "57"]
[EventDate "2005.09.14"]
[SourceDate "2005.09.14"]

1. Nf3 d5 2. g3 Nf6 3. Bg2 c6 4. O-O Bg4 5. Ne5 Bf5 6. c4 Nbd7 7. d4 e6 8. b3
Nxe5 9. dxe5 Ng4 10. cxd5 cxd5 11. Bb2 Bc5 12. b4 Bb6 13. h3 Nh6 14. Nc3 Qg5
15. Na4 O-O 16. Nxb6 axb6 17. Bd4 b5 18. Be3 Qh5 19. g4 Bxg4 20. hxg4 Nxg4 21.
Bf4 g5 22. Bg3 Qg6 23. e4 h5 24. exd5 exd5 25. Qxd5 h4 26. Qf3 Nh6 27. Bh2 g4
28. Qf6 Qh5 29. Bf4 1-0

[Event "LYM - Maîtres vs Espoirs"]
[Site "Lausanne - Casino de Montbenon"]
[Date "2005.09.15"]
[Round "3"]
[White "Raetsky, Alexandre"]
[Black "Gheorghiu, Florin"]
[Result "1/2-1/2"]
[WhiteElo "2453"]
[BlackElo "2394"]
[PlyCount "51"]
[EventDate "2005.09.14"]
[SourceDate "2005.09.14"]

1. d4 Nf6 2. c4 c5 3. d5 d6 4. Nc3 g6 5. e4 Bg7 6. Nf3 O-O 7. h3 e6 8. Bd3 Na6
9. O-O Nc7 10. dxe6 Nxe6 11. Be3 Bd7 12. Qd2 Re8 13. Rad1 Bc6 14. Rfe1 Qb6 $11
15. Nd5 Bxd5 16. exd5 Nd4 17. Bxd4 cxd4 18. b3 Rxe1+ 19. Rxe1 Nd7 20. Rd1 Ne5
21. Ne1 a5 22. Nc2 a4 23. Qb4 Qxb4 24. Nxb4 axb3 25. axb3 Ra3 26. Bc2 1/2-1/2

[Event "LYM - Maîtres vs Espoirs"]
[Site "Lausanne - Casino de Montbenon"]
[Date "2005.09.15"]
[Round "3"]
[White "Burnier, David"]
[Black "Tukmakov, Vladimir"]
[Result "0-1"]
[WhiteElo "2298"]
[BlackElo "2559"]
[PlyCount "106"]
[EventDate "2005.09.14"]
[SourceDate "2005.09.14"]

1. c4 e5 2. g3 c6 3. d4 Bb4+ 4. Bd2 Bxd2+ 5. Qxd2 d6 6. Nc3 Nf6 7. Bg2 Nbd7 8.
e3 O-O 9. Nge2 Re8 10. h3 h5 11. O-O-O Qe7 12. g4 hxg4 13. Ng3 Nf8 14. d5 c5
15. hxg4 Nxg4 16. Be4 g6 17. f3 Nf6 18. Qh2 N6h7 19. Rdg1 Kh8 20. Qh6 f5 21.
Bxf5 Bxf5 22. Nxf5 gxf5 23. Nb5 Rad8 24. Rg2 Rd7 25. Rhg1 Qf7 26. Nxd6 Rxd6 27.
Qxd6 Nf6 28. Qxc5 b6 29. Qc6 Re7 30. Qc8 Rc7 31. Qxf5 Rxc4+ 32. Kb1 Qe7 33. e4
Rc7 34. Rg5 N8h7 35. Rh1 Qf8 36. Qxe5 Re7 37. Qf5 Rf7 38. Qe5 Re7 39. Qd4 Rd7
40. Rgg1 Qf7 41. Rh6 Rd8 42. Rgg6 Rd6 43. Qc3 Qf8 44. Qc7 Rd7 45. Qh2 Ne8 46.
Qe5+ Ng7 47. Rg3 Re7 48. Qg5 Nf5 49. exf5 Re1+ 50. Kc2 Qc5+ 51. Kd3 Rd1+ 52.
Ke2 Qc2+ 53. Ke3 Qd2+ 0-1

[Event "LYM - Maîtres vs Espoirs"]
[Site "Lausanne - Casino de Montbenon"]
[Date "2005.09.15"]
[Round "3"]
[White "Kurmann, Olivier"]
[Black "Zawadska, Jolanta"]
[Result "1/2-1/2"]
[WhiteElo "2293"]
[BlackElo "2402"]
[PlyCount "112"]
[EventDate "2005.09.14"]
[SourceDate "2005.09.14"]

1. e4 c5 2. Nc3 Nc6 3. Nf3 d6 4. d4 cxd4 5. Nxd4 Nf6 6. f3 e5 7. Nb3 Be7 8. Be3
O-O 9. Qd2 a5 10. Bb5 Na7 11. Bd3 Be6 12. Rd1 Nc8 13. a3 Nb6 14. Qf2 Nfd7 15.
O-O Qc7 16. a4 Nc4 17. Bxc4 Bxc4 18. Rfe1 Qc6 19. Nd2 Be6 20. Nf1 f5 21. exf5
Rxf5 22. Qd2 Rf7 23. Nd5 Bxd5 24. Qxd5 Qxa4 25. Ra1 Qc6 26. Rxa5 Rxa5 27. Qxa5
d5 28. c3 b6 29. Qa2 Bc5 30. Kh1 h6 31. h3 Kh8 32. Qb3 Re7 33. Rd1 Nf6 34. Bxc5
bxc5 35. Ne3 Rb7 36. Qc2 Qe6 37. Qg6 d4 38. Ng4 Qe7 39. Ra1 Rb8 40. Ra6 Nxg4
41. Qxg4 d3 42. Qe4 Rd8 43. Ra1 Qc7 44. b3 Qb6 45. Qc4 Qg6 46. Rd1 d2 47. Qe4
Qg5 48. b4 cxb4 49. cxb4 Rd4 50. Qe2 Qd8 51. b5 Qd6 52. b6 Qxb6 53. Rxd2 Qd6
54. Rc2 e4 55. Rc1 Qf4 56. Rf1 Kh7 1/2-1/2

[Event "LYM - Maîtres vs Espoirs"]
[Site "Lausanne - Casino de Montbenon"]
[Date "2005.09.15"]
[Round "3"]
[White "Seps, Monika"]
[Black "Marcelin, Cyril"]
[Result "1-0"]
[WhiteElo "2173"]
[BlackElo "2481"]
[PlyCount "101"]
[EventDate "2005.09.14"]
[SourceDate "2005.09.14"]

1. e4 c6 2. d4 d5 3. Nc3 dxe4 4. Nxe4 Bf5 5. Ng3 Bg6 6. h4 h6 7. Nf3 Nd7 8. h5
Bh7 9. Bd3 Bxd3 10. Qxd3 e6 11. Bf4 Qa5+ 12. Bd2 Qc7 13. O-O-O Ngf6 14. Qe2 Bd6
15. Nf5 O-O 16. Nxd6 Qxd6 17. Kb1 b5 18. g4 Nxg4 19. Rhg1 f5 20. Nh4 Rf7 21. f3
Ngf6 22. Bxh6 Nxh5 23. Qg2 Ndf6 24. Bg5 c5 25. Ng6 cxd4 26. Qh3 Rff8 27. Bxf6
Nxf6 28. Qh8+ Kf7 29. Nxf8 Qxf8 30. Rxg7+ Qxg7 31. Qxa8 Qg2 32. Qxa7+ Kg6 33.
Qxd4 Qxf3 34. b3 Ng4 35. Re1 e5 36. Qb6+ Kg5 37. Qxb5 e4 38. Rf1 Nf2 39. Qd5
Qe2 40. Rg1+ Ng4 41. a4 e3 42. Qd8+ Kf4 43. Qd6+ Kg5 44. a5 Qf2 45. Rc1 f4 46.
a6 e2 47. Qe7+ Kf5 48. a7 Ne5 49. a8=Q Qe3 50. Qc8+ Ke4 51. Qc6+ 1-0

[Event "LYM - Maîtres vs Espoirs"]
[Site "Lausanne - Casino de Montbenon"]
[Date "2005.09.16"]
[Round "4"]
[White "Burnier, David"]
[Black "Vuilleumier, Alexandre"]
[Result "1-0"]
[WhiteElo "2298"]
[BlackElo "2307"]
[PlyCount "63"]
[EventDate "2005.09.14"]
[SourceDate "2005.09.14"]

1. d4 g6 2. e4 Bg7 3. Nc3 c5 4. d5 d6 5. Bb5+ Bd7 6. a4 Nf6 7. Nf3 O-O 8. Bxd7
Qxd7 9. O-O Na6 10. h3 Rad8 11. Re1 Rfe8 12. Bf4 e6 13. Nb5 Nh5 14. Bxd6 exd5
15. Qxd5 Bxb2 16. Rad1 b6 17. c3 Qe6 18. Qxe6 Rxe6 19. e5 Nb8 20. Re3 Nc6 21.
Rb1 Na5 22. Nd2 a6 23. Nc7 Rdxd6 24. exd6 Rxe3 25. fxe3 Bxc3 26. d7 Nc6 27.
Rxb6 Bxd2 28. Rxc6 Bxe3+ 29. Kf1 Bg5 30. Nd5 Ng3+ 31. Ke1 Kg7 32. Rc8 1-0

[Event "LYM - Maîtres vs Espoirs"]
[Site "Lausanne - Casino de Montbenon"]
[Date "2005.09.16"]
[Round "4"]
[White "Pinol, Fabrice"]
[Black "Seps, Monika"]
[Result "0-1"]
[WhiteElo "2257"]
[BlackElo "2173"]
[PlyCount "80"]
[EventDate "2005.09.14"]
[SourceDate "2005.09.14"]

1. e4 c5 2. Nf3 d6 3. d4 cxd4 4. Nxd4 Nf6 5. Nc3 a6 6. Be3 e5 7. Nb3 Be6 8. f3
Be7 9. Qd2 O-O 10. O-O-O Nbd7 11. g4 b5 12. g5 b4 13. Ne2 Ne8 14. h4 a5 15. Kb1
a4 16. Nbc1 b3 17. cxb3 axb3 18. a3 d5 19. exd5 Bf5+ 20. Ka1 Bxa3 21. bxa3
Rxa3+ 22. Kb2 Qa8 23. Nc3 Nd6 24. Bd3 Ra1 25. Nxb3 Nc4+ 26. Kc2 Rxd1 27. Rxd1
Nxd2 28. Bxf5 Nxb3 29. Bxd7 Nd4+ 30. Bxd4 exd4 31. Bc6 Qa7 32. Nb5 Qa2+ 33. Kc1
Rb8 34. Rd2 Qc4+ 35. Kd1 d3 36. Rb2 Qxh4 37. d6 Qxg5 38. Rb3 Qe3 39. Rb2 Qg1+
40. Kd2 Qf2+ 0-1

[Event "LYM - Maîtres vs Espoirs"]
[Site "Lausanne - Casino de Montbenon"]
[Date "2005.09.16"]
[Round "4"]
[White "Marcelin, Cyril"]
[Black "Kurmann, Olivier"]
[Result "1/2-1/2"]
[WhiteElo "2481"]
[BlackElo "2293"]
[PlyCount "63"]
[EventDate "2005.09.14"]
[SourceDate "2005.09.14"]

1. d4 d5 2. c4 c6 3. Nf3 Nf6 4. Nc3 a6 5. cxd5 cxd5 6. Bf4 Nc6 7. Rc1 Bf5 8.
Ne5 Rc8 9. e3 Nxe5 10. dxe5 Ne4 11. Nxe4 Rxc1 12. Qxc1 dxe4 13. Be2 Qa5+ 14.
Qd2 Qxd2+ 15. Kxd2 e6 16. Kc3 h6 17. Rd1 Bc5 18. b4 Bb6 19. a4 Ke7 20. a5 Bc7
21. g4 Bg6 22. h4 h5 23. g5 Rc8 24. Kb3 Rd8 25. Rd4 Rd5 26. Bc4 Rd7 27. Bf1 Rd5
28. Bc4 Rd7 29. Kc3 Bb8 30. Bf1 Ba7 31. Rxd7+ Kxd7 32. Kc4 1/2-1/2

[Event "LYM - Maîtres vs Espoirs"]
[Site "Lausanne - Casino de Montbenon"]
[Date "2005.09.16"]
[Round "4"]
[White "Zawadska, Jolanta"]
[Black "Raetsky, Alexander"]
[Result "1/2-1/2"]
[WhiteElo "2402"]
[BlackElo "2453"]
[PlyCount "70"]
[EventDate "2005.09.14"]
[SourceDate "2005.09.14"]

1. e4 c5 2. Nf3 Nc6 3. d4 cxd4 4. Nxd4 Nf6 5. Nc3 e6 6. Ndb5 Bc5 7. Nd6+ Ke7 8.
Bf4 e5 9. Nf5+ Kf8 10. Bg5 Bb4 11. Bc4 d5 12. exd5 Bxf5 13. dxc6 Qxd1+ 14. Rxd1
bxc6 15. Bd3 Bxd3 16. cxd3 Nd5 17. Bd2 Rb8 18. O-O Nxc3 19. Bxc3 Bxc3 20. bxc3
Ke7 21. Rfe1 Kf6 22. d4 Rhe8 23. dxe5+ Rxe5 24. Kf1 Rxe1+ 25. Kxe1 Ke6 26. Rd2
Rb5 27. Re2+ Re5 28. a3 f6 29. f4 Rxe2+ 30. Kxe2 Kd5 31. Kd3 f5 32. c4+ Kc5 33.
g3 g6 34. Kc3 a6 35. Kd3 Kd6 1/2-1/2

[Event "LYM - Maîtres vs Espoirs"]
[Site "Lausanne - Casino de Montbenon"]
[Date "2005.09.16"]
[Round "4"]
[White "Tukmakov, Vladimir"]
[Black "Gheorghiu, Florin"]
[Result "1/2-1/2"]
[WhiteElo "2559"]
[BlackElo "2394"]
[PlyCount "122"]
[EventDate "2005.09.14"]
[SourceDate "2005.09.14"]

1. d4 Nf6 2. Nf3 c5 3. d5 g6 4. Nc3 d6 5. e4 Bg4 6. h3 Bxf3 7. Qxf3 Bg7 8. Be2
Nbd7 9. O-O O-O 10. Qg3 a6 11. a4 Qc7 12. a5 Rae8 13. Bf4 e5 14. Bd2 Kh8 15.
Qd3 Ng8 16. Rfb1 f5 17. Bf3 Bh6 18. Be1 fxe4 19. Nxe4 Ngf6 20. Ra4 Nxe4 21.
Bxe4 Nf6 22. Rc4 Nxe4 23. Rxe4 Rf4 24. g3 Rxe4 25. Qxe4 Qd7 26. b4 cxb4 27.
Rxb4 Re7 28. Rb6 Rf7 29. c4 Bf8 30. Bb4 Kg8 31. Kg2 Be7 32. Qg4 Rf5 33. Qe4 Bf8
34. Ba3 Rf7 35. Qg4 Qa4 36. Bb4 Qc2 37. Be1 Qd3 38. Rb2 e4 39. Qe6 Kg7 40. Qg4
Qxc4 41. Rb4 Qxd5 42. Bc3+ Kg8 43. Qxe4 Qxe4+ 44. Rxe4 Rd7 45. Bb4 Bg7 46. Kf3
d5 47. Re8+ Kf7 48. Rc8 Bd4 49. Ke2 Ke6 50. f4 Kf7 51. Kd3 Bf6 52. g4 Bg7 53.
Bc5 h5 54. Bd4 hxg4 55. hxg4 Bf8 56. f5 gxf5 57. gxf5 Bg7 58. Bxg7 Kxg7 59. Kd4
Kf6 60. Rf8+ Ke7 61. Rh8 Kf6 1/2-1/2

[Event "LYM - Maîtres vs Espoirs"]
[Site "Lausanne - Casino de Montbenon"]
[Date "2005.09.16"]
[Round "5"]
[White "Gheorghiu, Florin"]
[Black "Zawadska, Jolanta"]
[Result "1/2-1/2"]
[WhiteElo "2394"]
[BlackElo "2402"]
[PlyCount "25"]
[EventDate "2005.09.14"]
[SourceDate "2005.09.14"]

1. c4 Nf6 2. Nc3 g6 3. e4 d6 4. d4 Bg7 5. f3 O-O 6. Be3 a6 7. Qd2 Nbd7 8. Bd3
c5 9. Nge2 e6 10. O-O b6 11. Rad1 Bb7 12. b3 cxd4 13. Bxd4 1/2-1/2

[Event "LYM - Maîtres vs Espoirs"]
[Site "Lausanne - Casino de Montbenon"]
[Date "2005.09.16"]
[Round "5"]
[White "Raetsky, Alexander"]
[Black "Marcelin, Cyril"]
[Result "1/2-1/2"]
[WhiteElo "2453"]
[BlackElo "2481"]
[PlyCount "42"]
[EventDate "2005.09.14"]
[SourceDate "2005.09.14"]

1. d4 d5 2. c4 c6 3. Nf3 Nf6 4. Qc2 dxc4 5. Qxc4 Bf5 6. g3 e6 7. Bg2 Be7 8. O-O
Nbd7 9. Nc3 O-O 10. a4 Rc8 11. Nh4 Nb6 12. Qb3 Qxd4 13. Nxf5 exf5 14. a5 Qc4
15. Qc2 Nbd5 16. Qxf5 Nxc3 17. bxc3 Qxe2 18. Bf4 Qc4 19. Rab1 b6 20. axb6 axb6
21. Rxb6 Nd5 1/2-1/2

[Event "LYM - Maîtres vs Espoirs"]
[Site "Lausanne - Casino de Montbenon"]
[Date "2005.09.16"]
[Round "5"]
[White "Vuilleumier, Alexandre"]
[Black "Tukmakov, Vladimir"]
[Result "0-1"]
[WhiteElo "2307"]
[BlackElo "2559"]
[PlyCount "56"]
[EventDate "2005.09.14"]
[SourceDate "2005.09.14"]

1. e4 c5 2. Nf3 d6 3. Bb5+ Nc6 4. O-O Bg4 5. h3 Bh5 6. d4 Bxf3 7. Qxf3 cxd4 8.
c3 dxc3 9. Nxc3 a6 10. Bxc6+ bxc6 11. e5 d5 12. Bg5 Qc7 13. Nxd5 cxd5 14. Qxd5
Rd8 15. Qb3 Qxe5 16. Rfd1 Rxd1+ 17. Rxd1 f6 18. Rc1 e6 19. Rc8+ Kf7 20. Qb7+
Ne7 21. Be3 Kg6 22. Qd7 Qb5 23. Qxe6 Nxc8 24. Qxc8 h5 25. g4 hxg4 26. hxg4 Rh4
27. a4 Qd5 28. Qe8+ Kh7 0-1

[Event "LYM - Maîtres vs Espoirs"]
[Site "Lausanne - Casino de Montbenon"]
[Date "2005.09.16"]
[Round "5"]
[White "Seps, Monika"]
[Black "Burnier, David"]
[Result "0-1"]
[WhiteElo "2173"]
[BlackElo "2298"]
[PlyCount "60"]
[EventDate "2005.09.14"]
[SourceDate "2005.09.14"]

1. e4 e5 2. Nf3 Nc6 3. Bb5 a6 4. Bxc6 dxc6 5. O-O Qd6 6. d4 exd4 7. Qxd4 Bd7 8.
Nc3 Qxd4 9. Nxd4 O-O-O 10. Be3 Re8 11. a3 Ne7 12. Rfe1 Ng6 13. Nb3 b6 14. f4 f6
15. Rad1 c5 16. g3 h5 17. Bf2 h4 18. Nd5 hxg3 19. hxg3 Bg4 20. Nc3 Bf3 21. Be3
Bxd1 22. Rxd1 Ne7 23. Kg2 Nc6 24. Kf3 Rh2 25. Bf2 a5 26. Nb5 g5 27. Nd2 g4+ 28.
Ke2 Nd4+ 29. Nxd4 cxd4 30. Nf1 Rg2 0-1

[Event "LYM - Maîtres vs Espoirs"]
[Site "Lausanne - Casino de Montbenon"]
[Date "2005.09.16"]
[Round "5"]
[White "Kurmann, Olivier"]
[Black "Pinol, Fabrice"]
[Result "1-0"]
[WhiteElo "2293"]
[BlackElo "2257"]
[PlyCount "69"]
[EventDate "2005.09.14"]
[SourceDate "2005.09.14"]

1. e4 c5 2. Nf3 Nc6 3. d4 cxd4 4. Nxd4 Nf6 5. Nc3 e5 6. Ndb5 d6 7. Bg5 a6 8.
Na3 b5 9. Nd5 Be7 10. Bxf6 Bxf6 11. c3 Ne7 12. Nxf6+ gxf6 13. Bd3 Bb7 14. Qe2
Qc7 15. Nc2 f5 16. f3 fxe4 17. fxe4 d5 18. O-O-O O-O-O 19. Qg4+ Kb8 20. exd5
Nxd5 21. Qf5 b4 22. c4 Nf4 23. Be4 Bc8 24. Qf6 Be6 25. Kb1 h5 26. c5 b3 27.
axb3 Bxb3 28. Rd6 Nd5 29. Rxd5 Bxd5 30. Bxd5 Qxc5 31. Be4 Rhe8 32. Qxa6 Kc7 33.
Rc1 Kd7 34. Ne3 Qxe3 35. Rc7+ 1-0

[Event "LYM - Maîtres vs Espoirs"]
[Site "Lausanne - Casino de Montbenon"]
[Date "2005.09.17"]
[Round "6"]
[White "Tukmakov, Vladimir"]
[Black "Zawadska, Jolanta"]
[Result "1/2-1/2"]
[WhiteElo "2559"]
[BlackElo "2402"]
[PlyCount "51"]
[EventDate "2005.09.14"]
[SourceDate "2005.09.14"]

1. d4 Nf6 2. Nf3 g6 3. c4 Bg7 4. g3 d6 5. Bg2 O-O 6. O-O Nc6 7. Nc3 a6 8. h3
Bd7 9. e4 e5 10. dxe5 dxe5 11. Be3 Be6 12. Qa4 b5 13. cxb5 axb5 14. Qxb5 Nd4
15. Qxe5 Nxf3+ 16. Bxf3 Nd5 17. Qg5 Bf6 18. exd5 Bxg5 19. dxe6 Bxe3 20. Bxa8
Qxa8 21. fxe3 fxe6 22. Rxf8+ Qxf8 23. Rf1 Qh6 24. Kg2 Qxe3 25. Rf2 Qe5 26. a3
1/2-1/2

[Event "LYM - Maîtres vs Espoirs"]
[Site "Lausanne - Casino de Montbenon"]
[Date "2005.09.17"]
[Round "6"]
[White "Marcelini, Cyril"]
[Black "Gheorghiu, Florin"]
[Result "1/2-1/2"]
[WhiteElo "2481"]
[BlackElo "2394"]
[PlyCount "32"]
[EventDate "2005.09.14"]
[SourceDate "2005.09.14"]

1. d4 Nf6 2. Bg5 e6 3. e4 h6 4. Bxf6 Qxf6 5. Nf3 d6 6. Nc3 Nd7 7. Qd2 a6 8.
O-O-O Qe7 9. h4 g6 10. Qe3 Bg7 11. e5 Nb6 12. exd6 cxd6 13. d5 Nxd5 14. Nxd5
exd5 15. Qxe7+ Kxe7 16. Nd4 Bg4 1/2-1/2

[Event "LYM - Maîtres vs Espoirs"]
[Site "Lausanne - Casino de Montbenon"]
[Date "2005.09.17"]
[Round "6"]
[White "Burnier, David"]
[Black "Kurmann, Olivier"]
[Result "1-0"]
[WhiteElo "2298"]
[BlackElo "2293"]
[PlyCount "51"]
[EventDate "2005.09.14"]
[SourceDate "2005.09.14"]

1. c4 Nf6 2. d4 c6 3. Nc3 d5 4. Nf3 a6 5. h3 e6 6. e3 c5 7. Bd3 Nc6 8. O-O Be7
9. cxd5 exd5 10. dxc5 Bxc5 11. e4 dxe4 12. Nxe4 Be7 $11 13. Qe2 O-O 14. Rd1 Qc7
15. Bg5 Nd5 16. Bc4 Nf4 17. Qe3 Bxg5 18. Nfxg5 Qe5 19. Nxf7 Rxf7 20. Ng5 Be6
21. Nxe6 Kh8 22. Nd8 Re7 23. Nf7+ Rxf7 24. Bxf7 Qg5 25. g3 Nxh3+ 26. Kg2 1-0